000 004400000a22001810004500
003 MACL
005 20151003111658.0
008 151003b xxu||||| |||| 00| 0 eng d
040 _aMACL
_cMACL
041 _aEnglish
082 _a910/JAY
100 _aJayakumar, K
_99778
245 _aKerla
_bA Poem in Green and Gold
260 _bInvis Infotech
_c2008
350 _a1600
650 _aGeography & Travels
_913319
942 _cBK
_k910
_2ddc
999 _c7941
_d7941